000 00304nam a22001337a 4500
008 170609b xxu||||| |||| 00| 0 eng d
020 _a9780673524744
041 _aeng
080 _26 ED
_a32
100 _a19
101 _aSHP
245 _aCOMPOTAIVE POLITICS TODAY
_cALMOND.G.A
942 _2udc
_cBK
999 _c16687
_d16687